[Event "SVK GPX U08"]
[Site "Kremnica"]
[Date "2025.06.21"]
[Round "3"]
[White "Bodis, Elias"]
[Black "Knechta, Franislav"]
[Result "1-0"]
[WhiteElo "1436"]
[BlackElo "1027"]
[PlyCount "51"]
[EventDate "2025.06.21"]
[EventType "tourn (rapid)"]
[EventRounds "9"]
[EventCountry "SVK"]
[SourceTitle "CB26_2025"]
[SourceDate "2025.06.25"]
[SourceVersion "1"]
[SourceVersionDate "2025.06.25"]
[SourceQuality "1"]

1. e4 e5 2. Nf3 Nc6 3. Bc4 Nf6 4. Ng5 d5 5. exd5 Nxd5 6. Nxf7 Kxf7 7. Qf3+ Ke8 8. Bxd5 Qe7 9. Bxc6+ bxc6 10. Qxc6+ Qd7 11. Qxa8 Bc5 12. Qf3 Rf8 13. Qh5+ g6 14. Qxe5+ Kd8 15. Qxc5 Re8+ 16. Kd1 Qg4+ 17. f3 Qxg2 18. Qd5+ Bd7 19. Qa8+ Bc8 20. Re1 Qf2 21. Rxe8+ Kxe8 22. Qxc8+ Kf7 23. Qxc7+ Kf6 24. Qd6+ Kg5 25. d4+ Qe3 26. Bxe3+ 1-0

[Event "SVK GPX U08"]
[Site "Kremnica"]
[Date "2025.06.21"]
[Round "1"]
[White "Hrcka, Timotej"]
[Black "Knechta, Franislav"]
[Result "1-0"]
[WhiteElo "1115"]
[BlackElo "1027"]
[PlyCount "69"]
[EventDate "2025.06.21"]
[EventType "tourn (rapid)"]
[EventRounds "9"]
[EventCountry "SVK"]
[SourceTitle "CB26_2025"]
[SourceDate "2025.06.25"]
[SourceVersion "1"]
[SourceVersionDate "2025.06.25"]
[SourceQuality "1"]

1. e4 e5 2. Nf3 Nc6 3. Nc3 Nf6 4. Bc4 Bc5 5. 0-0 0-0 6. d3 d6 7. h3 Be6 8. Bb3 Bxb3 9. axb3 Qd7 10. Re1 Bd4 11. Nxd4 exd4 12. Nd5 Nxd5 13. exd5 Nb4 14. Bd2 Nxd5 15. Qf3 c6 16. Qg3 Rfe8 17. Bh6 g6 18. h4 Rxe1+ 19. Rxe1 Re8 20. Ra1 Re6 21. h5 Nb4 22. hxg6 Rxg6 23. Qh4 Nxc2 24. Rc1 Nb4 25. Re1 Nxd3 26. Re2 Rg4 27. Qh3 f5 28. Qxd3 c5 29. Qc4+ Kh8 30. Qd3 Qc6 31. g3 Rg6 32. Qxf5 Qa6 33. Re8+ Rg8 34. Qf8 Rxf8 35. Rxf8# 1-0

[Event "SVK GPX U08"]
[Site "Kremnica"]
[Date "2025.06.21"]
[Round "7"]
[White "Knechta, Franislav"]
[Black "Valik, Viktor"]
[Result "0-1"]
[WhiteElo "1027"]
[BlackElo "1511"]
[PlyCount "104"]
[EventDate "2025.06.21"]
[EventType "tourn (rapid)"]
[EventRounds "9"]
[EventCountry "SVK"]
[SourceTitle "CB26_2025"]
[SourceDate "2025.06.25"]
[SourceVersion "1"]
[SourceVersionDate "2025.06.25"]
[SourceQuality "1"]

1. e4 c5 2. Nc3 Nc6 3. Nf3 g6 4. Bc4 Bg7 5. 0-0 d6 6. d3 Nf6 7. Bg5 0-0 8. Bxf6 Bxf6 9. Qe2 Nd4 10. Nxd4 Bxd4 11. h4 a6 12. Bd5 Rb8 13. g4 Qd7 14. Qf3 b5 15. h5 Qxg4+ 16. Qxg4 Bxg4 17. hxg6 hxg6 18. a4 b4 19. Nd1 Bxd1 20. Rfxd1 Bxb2 21. Rab1 Bg7 22. Kg2 e6 23. Bc4 a5 24. Rb3 Rfd8 25. d4 Bxd4 26. Bb5 d5 27. exd5 exd5 28. Rdb1 c4 29. Rh3 Kg7 30. Rbh1 c3 31. Rh7+ Kf6 32. R1h3 Ke6 33. R7h4 Bf6 34. Re3+ Kd6 35. Rf4 Bg5 36. Rxf7 Bxe3 37. fxe3 Rf8 38. Rd7+ Ke6 39. Kg3 Rxb5 40. axb5 Kxd7 41. Kg4 Kc7 42. Kg5 a4 43. Kxg6 b3 44. Kg7 Rf1 45. cxb3 axb3 46. b6+ Kxb6 47. Kg6 c2 48. Kg5 b2 49. Kg4 c1Q 50. Kg3 b1R 51. Kg2 Rb2+ 52. Kg3 Qe1+ 0-1

[Event "SVK-ch U08"]
[Site "Tatralandia"]
[Date "2025.05.16"]
[Round "7"]
[White "Knechta, Franislav"]
[Black "Hutta, Richard"]
[Result "1-0"]
[WhiteElo "1000"]
[BlackElo "1084"]
[PlyCount "33"]
[EventDate "2025.05.11"]
[EventType "swiss"]
[EventRounds "9"]
[EventCountry "SVK"]
[SourceTitle "CB21_2025"]
[SourceDate "2025.05.21"]
[SourceVersion "1"]
[SourceVersionDate "2025.05.21"]
[SourceQuality "1"]

1. e4 e5 2. Nf3 Nc6 3. Bc4 Bc5 4. 0-0 Nf6 5. Nc3 d6 6. d3 Bg4 7. Bg5 0-0 8. Qd2 Bxf3 9. gxf3 Nd4 10. Bxf6 Qxf6 11. Qc1 Nxf3+ 12. Kh1 Nh4 13. Nd5 Qg6 14. Rg1 Qh5 15. Qg5 Qf3+ 16. Rg2 Bxf2 17. Qxg7# 1-0

[Event "SVK-ch U08"]
[Site "Tatralandia"]
[Date "2025.05.13"]
[Round "4"]
[White "Knechta, Franislav"]
[Black "Vrabel, Kristian"]
[Result "0-1"]
[WhiteElo "1000"]
[BlackElo "1000"]
[PlyCount "34"]
[EventDate "2025.05.11"]
[EventType "swiss"]
[EventRounds "9"]
[EventCountry "SVK"]
[SourceTitle "CB21_2025"]
[SourceDate "2025.05.21"]
[SourceVersion "1"]
[SourceVersionDate "2025.05.21"]
[SourceQuality "1"]

1. e4 e5 2. Nf3 Nc6 3. Bc4 Bc5 4. 0-0 Nf6 5. Nc3 0-0 6. Ng5 d6 7. d3 h6 8. Nf3 Bg4 9. Be3 Bb6 10. Bxb6 axb6 11. Nd5 Nd4 12. Nxf6+ Qxf6 13. Bd5 c6 14. Bc4 Nxf3+ 15. gxf3 Bxf3 16. Qd2 Qg6+ 17. Qg5 Qxg5# 0-1